[Event "WYCC U18 Girls 2013"]
[Site "Al-Ain UAE"]
[Date "2013.12.22"]
[Round "6.28"]
[White "Amra, Tasnim"]
[Black "Ballantyne, Rochelle"]
[Result "0-1"]
[WhiteTitle "WFM"]
[WhiteElo "1570"]
[BlackElo "1934"]
[WhiteFideId "14300222"]
[BlackFideId "2058235"]
[EventDate "2013.12.18"]

1. e4 c5 2. Nf3 e6 3. d4 cxd4 4. Nxd4 a6 5. Bd3 Bc5 6. Nb3 Ba7 7. Nc3 Qc7 8. O-O
Nf6 9. Qe2 Nc6 10. Be3 O-O 11. Bxa7 Rxa7 12. f4 d6 13. Rae1 b5 14. e5 dxe5 15.
fxe5 Nd7 16. Bxh7+ Kxh7 17. Qh5+ Kg8 18. Re4 f5 19. Rh4 Qxe5 20. Qh7+ Kf7 21.
Qh5+ g6 22. Qg5 Rh8 23. Rxh8 Qxh8 24. Ne4 Nde5 25. Nd6+ Kg7 26. Nc5 Nf7 27. Qd2
Qf8 28. Qc3+ Kg8 29. Nxc8 Qxc8 30. Qf6 Nfe5 31. b4 Rf7 32. Qh4 Nc4 33. c3 e5 34.
Qg5 Ne7 35. h4 Qc6 36. h5 Qf6 37. Qg3 Rg7 38. hxg6 Rxg6 39. Qf3 Nd2 40. Qa8+ Qf8
41. Qxf8+ Kxf8 42. Rf2 Nc4 43. Rf3 e4 44. Nxe4 Kg7 45. Ng3 Kf6 46. Ne4+ Ke5 47.
Nc5 Rd6 48. Nd3+ Kf6 49. Nf2 Re6 50. Nd3 Re2 51. Nc5 Rxa2 52. Kh2 Ne5 53. Rf1
Nd5 54. Rc1 Nf4 55. Kg3 Kg5 56. Kh2 Rxg2+ 57. Kh1 Nf3 58. Ne6+ Kg4 59. Nxf4 Rh2# 0-1

[Event "WYCC U18 Girls 2013"]
[Site "Al-Ain UAE"]
[Date "2013.12.22"]
[Round "6.30"]
[White "Soyunlu, Narmin"]
[Black "Kopnicka, Henrieta"]
[Result "1/2-1/2"]
[WhiteElo "1908"]
[BlackElo "1776"]
[WhiteFideId "13400843"]
[BlackFideId "14923564"]
[EventDate "2013.12.18"]

1. c4 c5 2. g3 g6 3. Bg2 Nc6 4. Nc3 Bg7 5. Nf3 d6 6. O-O Nh6 7. Rb1 O-O 8. a3
Rb8 9. d3 b6 10. Bd2 Bb7 11. b4 Qd7 12. Nd5 f5 13. Qc1 Nf7 14. Bc3 Nfe5 15. Nxe5
Nxe5 16. f4 Ng4 17. Bxg7 Kxg7 18. e4 e6 19. Ne3 Nh6 20. Ra1 Nf7 21. Qc3+ Kg8 22.
b5 Ra8 23. Rfb1 e5 24. Nd5 Bxd5 25. exd5 Rfe8 26. Re1 a5 27. Qd2 Re7 28. Kf1
Rae8 29. Qf2 Qc7 1/2-1/2

[Event "WYCC U18 Girls 2013"]
[Site "Al-Ain UAE"]
[Date "2013.12.22"]
[Round "6.33"]
[White "Ruiz Olate, Emily Andrea"]
[Black "Orlina, Laura"]
[Result "1-0"]
[WhiteElo "1851"]
[BlackElo "1694"]
[WhiteFideId "3413535"]
[BlackFideId "11601655"]
[EventDate "2013.12.18"]

1. e4 g6 2. d4 Bg7 3. Nf3 d6 4. Bc4 c6 5. O-O Nf6 6. Re1 O-O 7. Bg5 h6 8. Bd2
Qc7 9. Qc1 Kh7 10. e5 dxe5 11. Nxe5 Nd5 12. Nc3 Be6 13. Bd3 Nd7 14. Nxg6 fxg6
15. Rxe6 N7f6 16. Nxd5 cxd5 17. Bf4 Qd7 18. Re3 Ng4 19. Rh3 Rxf4 20. Qxf4 Rf8
21. Qd2 Rxf2 22. Qd1 e5 23. Be2 Rf4 24. Bxg4 Rxg4 25. dxe5 Bxe5 26. Qd2 Bf4 27.
Qd3 d4 28. Re1 Qc7 29. Qe2 Rg5 30. Qe7+ Qxe7 31. Rxe7+ Kg8 32. Rxb7 Rc5 33. Rxa7
Rxc2 34. b4 Be3+ 35. Kf1 Rc1+ 36. Ke2 Rc2+ 37. Kf3 Rf2+ 38. Ke4 Rxg2 39. Rg3
Rxh2 40. Rxg6+ Kf8 41. Rc6 Rh4+ 42. Kd3 1-0

[Event "WYCC U18 Girls 2013"]
[Site "Al-Ain UAE"]
[Date "2013.12.22"]
[Round "6.34"]
[White "Tarmastin, Laura"]
[Black "Schucman, Rebeca Lot"]
[Result "1/2-1/2"]
[WhiteElo "1791"]
[BlackElo "1672"]
[WhiteFideId "1623001"]
[BlackFideId "2140691"]
[EventDate "2013.12.18"]

1. e4 c5 2. Nf3 g6 3. d4 cxd4 4. Nxd4 Bg7 5. Nc3 Nc6 6. Be3 Nf6 7. Bc4 Qa5 8. f3
Qb4 9. Bb3 Nxe4 10. fxe4 Nxd4 11. O-O Nxb3 12. axb3 O-O 13. Ra4 Qd6 14. Qxd6
exd6 15. Rxa7 Rxa7 16. Bxa7 Bxc3 17. bxc3 Re8 18. Kf2 b5 19. Rd1 Re6 20. Rd5 Bb7
21. Rxb5 Bxe4 22. Bd4 Kf8 23. Rb8+ Ke7 24. Bb6 Re5 25. b4 Bxc2 26. Bd4 Rf5+ 27.
Kg1 Bd3 28. Bf2 Rb5 29. Rxb5 Bxb5 30. Bd4 h5 31. Kf2 Ke6 32. g3 d5 33. Be3 Ke5
34. Kf3 Bc6 35. Bd4+ Kf5 36. Kf2 Ke4 37. Bf6 Kd3 38. Bd4 Ke4 39. Bf6 Kd3 40. Bd4 1/2-1/2

[Event "WYCC U18 Girls 2013"]
[Site "Al-Ain UAE"]
[Date "2013.12.22"]
[Round "6.35"]
[White "Barbier, Astrid"]
[Black "Yousfi, Yasmine"]
[Result "1-0"]
[WhiteElo "1789"]
[BlackElo "1649"]
[WhiteFideId "200395"]
[BlackFideId "7904134"]
[EventDate "2013.12.18"]

1. b3 Nf6 2. Bb2 g6 3. e3 Bg7 4. d4 d6 5. Nd2 O-O 6. Ngf3 c5 7. dxc5 dxc5 8. Bd3
Nc6 9. a3 a6 10. O-O b5 11. e4 Bb7 12. Rb1 Qc7 13. Re1 e5 14. h3 Rfd8 15. g4 Nd4
16. Nxd4 cxd4 17. Qf3 Rac8 18. Rbc1 Nd7 19. Nf1 Nc5 20. Ng3 Nxd3 21. Qxd3 Bh6
22. Rb1 Qxc2 23. Qf3 Qc7 24. h4 Qe7 25. g5 Bf8 26. Rbc1 Rxc1 27. Rxc1 Rc8 28.
Rxc8 Bxc8 29. Qd3 Qc5 30. Kg2 Bg7 31. Qd1 a5 32. h5 Ba6 33. Qd2 b4 34. a4 Qc8
35. Qd1 d3 36. h6 Bh8 37. Nf1 f6 38. gxf6 Bxf6 39. Qf3 Qe6 40. Nd2 Bg5 41. Bc1
Bxd2 42. Bxd2 Qxb3 43. Qf6 Qf7 44. Qxa6 Qd7 45. Kg3 g5 46. Qxa5 b3 47. Qxe5 b2
48. Qxb2 Qc7+ 49. Kg2 Qd7 50. Qb3+ Kf8 51. Bb4+ 1-0

[Event "WYCC U18 Girls 2013"]
[Site "Al-Ain UAE"]
[Date "2013.12.22"]
[Round "6.36"]
[White "Abdelmenaem, Sohayla"]
[Black "Van Niekerk, Robyn Julian"]
[Result "1-0"]
[WhiteTitle "WFM"]
[WhiteElo "1734"]
[BlackElo "1459"]
[WhiteFideId "10610529"]
[BlackFideId "14305020"]
[EventDate "2013.12.18"]

1. d4 d5 2. c4 e6 3. Nc3 Nf6 4. Bg5 Be7 5. cxd5 exd5 6. Qc2 O-O 7. e3 c6 8. Bd3
Nbd7 9. Nge2 Re8 10. O-O Nf8 11. f3 Ng6 12. Ng3 Be6 13. Qf2 Rc8 14. Bxf6 Bxf6
15. Rad1 c5 16. dxc5 Rxc5 17. e4 dxe4 18. Bb5 Qc8 19. Bxe8 Bxc3 20. bxc3 Rxc3
21. Ba4 exf3 22. gxf3 h6 23. Qxa7 Nh4 24. Qb6 Rc7 25. Rd4 g5 26. Bb3 Kg7 27.
Bxe6 fxe6 28. Re4 Rc6 29. Qd4+ Kg6 30. f4 Nf5 31. Nxf5 exf5 32. Re2 g4 33. Rfe1
Rc1 34. Rxc1 Qxc1+ 35. Kf2 Qc6 36. Qe3 Kh5 37. Qe8+ Qxe8 38. Rxe8 Kg6 39. Re6+
Kg7 40. Rb6 h5 41. Rxb7+ Kf6 42. Rb6+ Kg7 43. a4 1-0

[Event "WYCC U18 Girls 2013"]
[Site "Al-Ain UAE"]
[Date "2013.12.22"]
[Round "6.37"]
[White "Dewanthi, A H Chamika"]
[Black "Jayamurthey, Pavitranayagi"]
[Result "1/2-1/2"]
[WhiteElo "1584"]
[BlackElo "1694"]
[WhiteFideId "9906304"]
[BlackFideId "5708885"]
[EventDate "2013.12.18"]

1. e4 e5 2. Nf3 Nc6 3. Bc4 Bc5 4. d3 h6 5. Be3 Bb6 6. Nc3 d6 7. h3 Nf6 8. Qd2
Be6 9. Bb3 Qd7 10. O-O-O Bxb3 11. cxb3 Bxe3 12. fxe3 Nb4 13. Kb1 a5 14. d4 Qc6
15. d5 Qd7 16. Rdf1 b5 17. g4 Na6 18. g5 hxg5 19. Nxg5 b4 20. Ne2 a4 21. bxa4
Qxa4 22. b3 Qa5 23. Nc1 Nc5 24. Qg2 Rh5 25. h4 Qa6 26. Rhg1 Nd3 27. Ne6 fxe6 28.
Qxg7 Nxc1 29. Qg8+ Nxg8 30. Rxg8+ Ke7 31. Rg7+ Ke8 32. Rg8+ Ke7 33. Rg7+ 1/2-1/2

[Event "WYCC U18 Girls 2013"]
[Site "Al-Ain UAE"]
[Date "2013.12.22"]
[Round "6.38"]
[White "Ruhlmann, Helene"]
[Black "Lalaoui, Feriel"]
[Result "1-0"]
[BlackTitle "WCM"]
[WhiteElo "1830"]
[BlackElo "1754"]
[WhiteFideId "20643209"]
[BlackFideId "7900481"]
[EventDate "2013.12.18"]

1. d4 Nf6 2. Nf3 e6 3. e3 b6 4. Bd3 Bb7 5. O-O Be7 6. c4 O-O 7. Nc3 d5 8. Re1 c5
9. cxd5 exd5 10. dxc5 Bxc5 11. a3 Re8 12. b4 Bf8 13. Nd4 Nbd7 14. Bb2 a6 15. Rc1
b5 16. Nb3 Ne5 17. Ne2 Nxd3 18. Qxd3 Ng4 19. Nc5 Bxc5 20. Rxc5 Qh4 21. Ng3 Qxh2+
22. Kf1 d4 23. e4 Qh6 24. Rc7 Rab8 25. Qxd4 Red8 26. Rxb7 Rbc8 27. Rd7 Re8 28.
Qd5 Qf4 29. Qd4 Ne5 30. Rd1 f6 31. Qd5+ Kh8 32. Bxe5 fxe5 33. Qf7 Qg5 34. Nf5 1-0

[Event "WYCC U18 Girls 2013"]
[Site "Al-Ain UAE"]
[Date "2013.12.22"]
[Round "6.39"]
[White "De Silva, Shelani"]
[Black "Alymbay, Kyzy Aizhan"]
[Result "0-1"]
[WhiteElo "1633"]
[BlackElo "1814"]
[WhiteFideId "9909745"]
[BlackFideId "13800043"]
[EventDate "2013.12.18"]

1. e4 c5 2. Nf3 e6 3. d4 cxd4 4. Nxd4 Nf6 5. Nc3 d6 6. Bg5 Be7 7. f4 h6 8. Bh4
O-O 9. Qf3 Nc6 10. O-O-O Nxd4 11. Rxd4 Nd7 12. Bxe7 Qxe7 13. h4 a6 14. g4 b5 15.
g5 Bb7 16. Rg1 Kh7 17. Qg3 Rg8 18. g6+ fxg6 19. Qxg6+ Kh8 20. Bh3 Qxh4 21. Qxe6
Qxf4+ 22. Kb1 Nc5 23. Qg6 Bc8 24. Bxc8 Raxc8 25. Rxd6 Rce8 26. a3 Nxe4 27. Nxe4
Qxe4 28. Qxe4 Rxe4 29. Rxa6 Rge8 30. Rb6 Re1+ 31. Rxe1 Rxe1+ 32. Ka2 Re5 33. a4
bxa4 34. Rb4 Ra5 35. Ka3 g5 36. Rxa4 Rxa4+ 37. Kxa4 g4 38. c4 g3 39. c5 g2 40.
c6 g1=Q 41. c7 Qa7+ 42. Kb3 Qxc7 0-1

[Event "WYCC U18 Girls 2013"]
[Site "Al-Ain UAE"]
[Date "2013.12.22"]
[Round "6.40"]
[White "Comas Colon, Rinelly M."]
[Black "Al Dhaffari, Salma"]
[Result "1-0"]
[WhiteTitle "WFM"]
[WhiteElo "1790"]
[BlackElo "1625"]
[WhiteFideId "3101576"]
[BlackFideId "9305335"]
[EventDate "2013.12.18"]

1. c4 e5 2. g3 Nf6 3. Bg2 d5 4. cxd5 Nxd5 5. Nc3 Nb6 6. Nf3 Nc6 7. d3 Be7 8. O-O
O-O 9. a3 Re8 10. Bd2 Bf8 11. Rc1 Nd4 12. Ne4 Be6 13. Nxd4 exd4 14. Bf4 c6 15.
Ng5 Bd5 16. Nf3 h6 17. Re1 Bd6 18. Bxd6 Qxd6 19. Qc2 Rad8 20. b4 Bxf3 21. Bxf3
Nd5 22. Bxd5 Qxd5 23. Qb2 Re7 24. Rc4 Qh5 25. Kg2 Qd5+ 26. Kg1 Qh5 27. Rxd4 Rxd4
28. Qxd4 Rxe2 29. Rxe2 Qxe2 30. Kg2 a6 31. Qd7 Qa2 32. Qc8+ Kh7 33. Qxb7 Qd5+
34. Kg1 Qxd3 35. Qxf7 Qxa3 36. Qf5+ Kg8 37. Qe6+ Kf8 38. Qxc6 Qxb4 39. Qxa6 Qb1+
40. Qf1 Qxf1+ 41. Kxf1 Kf7 42. Ke2 Kf6 43. Kf3 Kf5 44. g4+ Ke5 45. h4 g6 46. Ke3
g5 47. hxg5 hxg5 48. f3 Kf6 49. Kd4 Ke6 50. Ke4 Kf6 51. Kd5 Kg6 52. Ke6 1-0

[Event "WYCC U18 Girls 2013"]
[Site "Al-Ain UAE"]
[Date "2013.12.22"]
[Round "6.41"]
[White "Kulatunga, Dinithi"]
[Black "Bauer, Valentina"]
[Result "0-1"]
[WhiteElo "1503"]
[BlackElo "1787"]
[WhiteFideId "9913440"]
[BlackFideId "1616935"]
[EventDate "2013.12.18"]

1. d4 d5 2. c4 e6 3. Nc3 Nf6 4. e3 Be7 5. Nf3 O-O 6. Bd3 dxc4 7. Bxc4 a6 8. O-O
b5 9. Bd3 Bb7 10. e4 c5 11. e5 Nd5 12. Nxd5 Bxd5 13. b3 Nc6 14. dxc5 Bxf3 15.
Qxf3 Nxe5 16. Qb7 Nxd3 17. Rd1 Nxc5 18. Qf3 Qb6 19. Be3 Qb7 20. Qxb7 Nxb7 21.
Rd7 Bf6 22. Rad1 Rfd8 23. g3 h6 24. Bb6 Rxd7 25. Rxd7 Nd8 26. Rc7 e5 27. Rc1 Ne6
28. Kg2 Bd8 29. Be3 Bg5 30. Bxg5 Nxg5 31. h4 Ne6 32. Re1 f6 33. f4 Re8 34. fxe5
fxe5 35. Rxe5 Kf7 36. Rf5+ Kg6 37. Rf2 Nd4 38. Kf1 Re6 39. Rb2 Kh5 40. Kf2 Re2+
41. Rxe2 Nxe2 42. Kxe2 Kg4 43. Kf2 b4 44. Kg2 g5 45. hxg5 hxg5 46. Kf2 Kh3 47.
Kf3 g4+ 48. Kf2 Kh2 49. Kf1 Kxg3 50. Kg1 Kh3 51. Kh1 g3 52. Kg1 g2 53. Kf2 Kh2
54. Ke3 g1=Q+ 55. Kd3 Qc5 56. Ke4 Qd6 57. Ke3 Qd5 58. Ke2 Qg2+ 59. Kd3 Qxa2 60.
Kc4 Qa3 61. Kc5 Qxb3 62. Kb6 a5 63. Kxa5 Qa3+ 64. Kb5 b3 65. Kc6 b2 66. Kb5
b1=Q+ 0-1

[Event "WYCC U18 Girls 2013"]
[Site "Al-Ain UAE"]
[Date "2013.12.22"]
[Round "6.42"]
[White "Senarath, Kavindi"]
[Black "Abeer, Ali"]
[Result "1/2-1/2"]
[WhiteElo "1617"]
[BlackElo "1655"]
[WhiteFideId "9904344"]
[BlackFideId "9302930"]
[EventDate "2013.12.18"]

1. e4 c6 2. d4 d5 3. e5 g6 4. f4 Bg7 5. Nc3 Nh6 6. Be3 O-O 7. Nf3 Bg4 8. Be2 Nd7
9. h3 Bxf3 10. Bxf3 Nf5 11. Bf2 e6 12. Qd3 a5 13. h4 b6 14. g4 Ne7 15. h5 Qc7
16. O-O-O b5 17. Be2 Nb6 18. Qh3 f6 19. hxg6 hxg6 20. Qh7+ Kf7 21. Qh3 Rh8 22.
Qg2 Rxh1 23. Rxh1 Rh8 24. Rf1 f5 25. Rg1 Rg8 26. gxf5 gxf5 27. Bh5+ Kf8 28. Bh4 1/2-1/2

[Event "WYCC U18 Girls 2013"]
[Site "Al-Ain UAE"]
[Date "2013.12.23"]
[Round "7.1"]
[White "Saduakassova, Dinara"]
[Black "Castrillon Gomez, Melissa"]
[Result "1/2-1/2"]
[WhiteTitle "WGM"]
[BlackTitle "WIM"]
[WhiteElo "2357"]
[BlackElo "2155"]
[WhiteFideId "13700090"]
[BlackFideId "4402413"]
[EventDate "2013.12.18"]

1. e4 c5 2. Nf3 d6 3. d4 Nf6 4. Nc3 cxd4 5. Nxd4 g6 6. Be3 Bg7 7. f3 O-O 8. Qd2
Nc6 9. g4 Be6 10. Nxe6 fxe6 11. h4 Ne5 12. Be2 Rc8 13. Nb5 Nc4 14. Bxc4 Rxc4 15.
Nd4 Qc8 16. O-O-O b5 17. Kb1 Ra4 18. b3 Ra6 19. Bh6 e5 20. Bxg7 Kxg7 21. Ne2 Qc5
22. h5 b4 23. Nc1 Qc3 24. Qe2 Rc6 25. hxg6 hxg6 26. Rd3 Qc5 27. Qd2 Rg8 28. Ne2
Rgc8 29. Qh6+ Kf7 30. Rd2 Rg8 31. Qh2 a5 32. g5 Nh5 33. f4 Qe3 34. Rd3 Qc5 35.
Rd2 Qe3 36. Rd3 Qc5 37. Rd2 Qe3 1/2-1/2

[Event "WYCC U18 Girls 2013"]
[Site "Al-Ain UAE"]
[Date "2013.12.23"]
[Round "7.2"]
[White "Ibrahimova, Sabina"]
[Black "Aranaz Murillo, Amalia"]
[Result "1/2-1/2"]
[WhiteTitle "WIM"]
[BlackTitle "WIM"]
[WhiteElo "2205"]
[BlackElo "2262"]
[WhiteFideId "13403893"]
[BlackFideId "22200371"]
[EventDate "2013.12.18"]

1. e4 c5 2. Nf3 Nc6 3. d4 cxd4 4. Nxd4 e5 5. Nb5 d6 6. N1c3 a6 7. Na3 Be7 8. Nd5
Nf6 9. Nxf6+ Bxf6 10. Nc4 O-O 11. Be3 Be7 12. Bb6 Qd7 13. Be2 Nd8 14. Be3 Qc6
15. Nb6 Rb8 16. Nd5 Re8 17. a4 Ne6 18. c4 Bg5 19. O-O Bxe3 20. fxe3 Nc5 21. Bh5
Be6 22. Qf3 Qd7 23. Rf2 Rf8 24. b4 Nd3 25. Rd2 Bxd5 26. cxd5 Nxb4 27. a5 b6 28.
axb6 Rxb6 29. Bg4 Qc7 30. Rf1 a5 31. Be6 Rb7 32. Qh3 Qb8 33. Rdf2 Nd3 34. Rf3
Nc5 35. Bf5 g6 36. Qh6 Rb1 37. Rh3 Rxf1+ 38. Kxf1 Qb1+ 39. Ke2 Qc2+ 40. Kf3 Qd1+
41. Kg3 Qe1+ 1/2-1/2

[Event "WYCC U18 Girls 2013"]
[Site "Al-Ain UAE"]
[Date "2013.12.23"]
[Round "7.3"]
[White "Osmanodja, Filiz"]
[Black "Ziaziulkina, Nastassia"]
[Result "1/2-1/2"]
[WhiteTitle "WIM"]
[BlackTitle "WGM"]
[WhiteElo "2274"]
[BlackElo "2354"]
[WhiteFideId "24633569"]
[BlackFideId "13505211"]
[EventDate "2013.12.18"]

1. e4 c5 2. Nf3 d6 3. d4 cxd4 4. Nxd4 Nf6 5. Nc3 a6 6. Be3 e6 7. Be2 Qc7 8. f4
b5 9. Bf3 Bb7 10. a3 Nbd7 11. Qe2 Be7 12. O-O O-O 13. f5 e5 14. Nb3 Rac8 15. Qf2
h6 16. Rad1 Bc6 17. g4 a5 18. Qg2 Nh7 19. Nd5 Bxd5 20. Rxd5 Rb8 21. c3 Nb6 22.
Bxb6 Qxb6+ 23. Qf2 Qc7 24. Kg2 Rfd8 25. h4 Nf6 26. Nd2 Nxd5 27. exd5 b4 28. axb4
axb4 29. c4 Qb6 30. Qg3 Qd4 31. Rf2 Ra8 32. g5 hxg5 33. f6 gxf6 34. hxg5 fxg5
35. Be4 f5 36. Rxf5 Ra7 37. Qg4 Rf8 38. Nf3 Qxb2+ 39. Kg3 Qc1 40. Qh5 Rxf5 41.
Qg6+ Kf8 42. Qxf5+ Ke8 43. Qc8+ Bd8 44. Qe6+ Re7 45. Bg6+ Kf8 46. Qf6+ Kg8 47.
Bf5 Qf4+ 48. Kg2 Rf7 49. Qg6+ Kf8 50. Qh6+ Kg8 1/2-1/2

[Event "WYCC U18 Girls 2013"]
[Site "Al-Ain UAE"]
[Date "2013.12.23"]
[Round "7.5"]
[White "Tran, My Linh"]
[Black "Tomnikova, Lidia"]
[Result "0-1"]
[BlackTitle "WFM"]
[WhiteElo "2061"]
[BlackElo "2167"]
[WhiteFideId "24682462"]
[BlackFideId "4113110"]
[EventDate "2013.12.18"]

1. e4 e5 2. Nf3 Nc6 3. Bc4 Nf6 4. d3 Bc5 5. c3 a6 6. Bb3 Ba7 7. h3 d6 8. Nbd2
O-O 9. Nf1 Ne7 10. Ng3 Ng6 11. O-O h6 12. Be3 Be6 13. Re1 Qc8 14. Bxe6 fxe6 15.
d4 exd4 16. cxd4 Qd7 17. Qb3 c6 18. Qd3 Qf7 19. b4 Rad8 20. Red1 Bb8 21. a4 Nd7
22. Rac1 Nf4 23. Bxf4 Qxf4 24. b5 axb5 25. axb5 c5 26. Qb3 Rde8 27. Qe3 cxd4 28.
Qxf4 Rxf4 29. Rxd4 Nc5 30. Rdc4 Ba7 31. Nh5 Rxe4 32. Rxe4 Nxe4 33. Rc7 Bxf2+ 34.
Kf1 Ra8 35. Rxg7+ Kf8 36. Rxb7 Ra1+ 37. Ke2 Ra2+ 38. Kf1 Bc5 39. Nh4 Rf2+ 40.
Ke1 Bb4+ 41. Kd1 Rd2+ 42. Ke1 Rd5+ 0-1

[Event "WYCC U18 Girls 2013"]
[Site "Al-Ain UAE"]
[Date "2013.12.23"]
[Round "7.6"]
[White "Juhasz, Barbara"]
[Black "Gaboyan, Susanna"]
[Result "1/2-1/2"]
[WhiteTitle "WFM"]
[WhiteElo "2152"]
[BlackElo "2050"]
[WhiteFideId "743585"]
[BlackFideId "13303627"]
[EventDate "2013.12.18"]

1. e4 c5 2. Nf3 e6 3. b3 Nc6 4. Bb2 a6 5. c4 Qc7 6. g3 Rb8 7. Nc3 Nf6 8. Bg2 b5
9. d3 Be7 10. O-O O-O 11. Re1 d6 12. Rc1 Qa7 13. Ba1 Nd7 14. Ne2 e5 15. Nc3 Nf6
16. h3 Nd4 17. g4 h6 18. Rb1 Bd7 19. Qd2 Rb7 20. Nd5 Nxd5 21. cxd5 Nxf3+ 22.
Bxf3 Bg5 23. Qd1 a5 24. Bc3 a4 25. b4 cxb4 26. Bxb4 Qb6 27. Re2 Rc8 28. Rc2 Rbc7
29. Rbb2 Bc1 30. Rxc7 Qxc7 31. Rb1 Bf4 32. a3 Kf8 33. d4 Ke7 34. dxe5 Bxe5 35.
Be2 Qc2 36. Qxc2 Rxc2 37. Bd3 Ra2 38. Rc1 Bb2 39. Rc7 Kd8 40. Ba5 Ke8 41. Rb7 f5
42. Rb8+ Ke7 43. Rb7 Ke8 44. exf5 Rxa3 1/2-1/2

[Event "WYCC U18 Girls 2013"]
[Site "Al-Ain UAE"]
[Date "2013.12.23"]
[Round "7.8"]
[White "Bivol, Alina"]
[Black "Vujnovic, Patricija"]
[Result "1-0"]
[WhiteTitle "WIM"]
[WhiteElo "2236"]
[BlackElo "2081"]
[WhiteFideId "4100123"]
[BlackFideId "14502313"]
[EventDate "2013.12.18"]

1. Nf3 Nf6 2. d4 e6 3. c4 Bb4+ 4. Nbd2 b6 5. g3 Bb7 6. Bg2 O-O 7. O-O a5 8. a3
Bxd2 9. Bxd2 a4 10. Rc1 d6 11. Re1 Nbd7 12. Qc2 Be4 13. Qc3 Re8 14. Rcd1 Qe7 15.
Bc1 Ra5 16. Bf1 Bb7 17. Nd2 e5 18. d5 e4 19. Bg2 Nc5 20. Nf1 Bc8 21. Be3 Nfd7
22. Bd4 f5 23. Ne3 Ne5 24. f3 Ng6 25. Nc2 Nb3 26. Rf1 Ra8 27. Bf2 Bd7 28. Nd4 e3
29. Be1 f4 30. Nxb3 axb3 31. Rc1 Ba4 32. Bh3 Qg5 33. Be6+ Kh8 34. Kh1 fxg3 35.
hxg3 Nf8 36. Bh3 Nd7 37. Qd4 Nc5 38. Kg2 b5 39. Bb4 bxc4 40. Bxc5 dxc5 41. Qxc4
Qe5 42. Rc3 Red8 43. Rd1 Ra5 44. Qh4 g5 45. Qh6 Qg7 46. Qxg7+ Kxg7 47. Rxe3 c4
48. Re7+ Kf8 49. Rxc7 Raxd5 50. Rxd5 Rxd5 51. Rxc4 Bb5 52. Rb4 Bxe2 53. Rxb3 Rd2
54. Kg1 h5 55. Bf5 g4 56. fxg4 hxg4 57. Be4 Ke7 58. a4 Kd6 59. a5 Kc5 60. Rb6
Bb5 61. b4+ Kxb4 62. Bc6 Rd1+ 63. Kf2 Rf1+ 64. Kg2 Rf5 65. a6 1-0

[Event "WYCC U18 Girls 2013"]
[Site "Al-Ain UAE"]
[Date "2013.12.23"]
[Round "7.10"]
[White "Nouman, Amna"]
[Black "Severina, Maria"]
[Result "1/2-1/2"]
[WhiteTitle "WFM"]
[BlackTitle "WIM"]
[WhiteElo "1833"]
[BlackElo "2203"]
[WhiteFideId "9301500"]
[BlackFideId "4116909"]
[EventDate "2013.12.18"]

1. e4 e5 2. Nf3 Nc6 3. Bb5 Nge7 4. Nc3 g6 5. d4 exd4 6. Nd5 Bg7 7. Bg5 h6 8. Bf6
Bxf6 9. Nxf6+ Kf8 10. Nxd4 Nf5 11. exf5 Qxf6 12. Bxc6 Qe5+ 13. Ne2 bxc6 14. Qd4
Qxd4 15. Nxd4 Rb8 16. fxg6 Rxb2 17. gxf7 c5 18. O-O-O Rxa2 19. Ne6+ Kxf7 20.
Nxc7 Rg8 21. Nb5 d5 22. Rhe1 Ra1+ 23. Kb2 Rxd1 24. Rxd1 Bg4 25. f3 Rb8 26. c4
Be6 27. Kc1 d4 28. Nxa7 Rb4 29. Nc6 Rxc4+ 30. Kd2 Kf6 31. Rc1 Rxc1 32. Kxc1 Bd5
33. Na7 Ke5 34. Kd2 c4 35. Nb5 Bc6 36. Na3 Kd5 37. g4 Kc5 38. f4 Be4 39. f5 c3+
40. Kc1 Kb4 41. f6 d3 42. Nb1 Bg6 43. h4 h5 44. g5 Kb3 1/2-1/2

[Event "WYCC U18 Girls 2013"]
[Site "Al-Ain UAE"]
[Date "2013.12.23"]
[Round "7.11"]
[White "Dragieva, Denitza"]
[Black "Atabayeva, Gozel"]
[Result "0-1"]
[WhiteTitle "WFM"]
[BlackTitle "WFM"]
[WhiteElo "2095"]
[BlackElo "2069"]
[WhiteFideId "2907232"]
[BlackFideId "14001896"]
[EventDate "2013.12.18"]

1. d4 Nf6 2. Nf3 g6 3. Bg5 Bg7 4. Nbd2 d6 5. c3 h6 6. Bh4 O-O 7. e4 Qe8 8. Bd3
e5 9. O-O Nh5 10. dxe5 dxe5 11. Re1 Nd7 12. a4 Nf4 13. Bf1 Nc5 14. b4 Nd7 15. a5
a6 16. Nc4 b5 17. axb6 Nxb6 18. Ra5 f6 19. Nfd2 Kh7 20. f3 Qe6 21. Bf2 Rd8 22.
Qc2 Bf8 23. Nb2 Bb7 24. Nb3 Nd7 25. Na4 h5 26. Nac5 Nxc5 27. Nxc5 Bxc5 28. Rxc5
Qd6 29. g3 Ne6 30. Ra5 Qd2 31. Qxd2 Rxd2 32. Be3 Rc2 33. Rc1 Rxc1 34. Bxc1 Kg7
35. Kf2 c6 36. Be3 Nc7 37. Ra2 Bc8 38. Rd2 Nb5 39. c4 Nc3 40. Rd3 Na2 41. Bd2
Rb8 42. Rd8 c5 43. Bh3 cxb4 44. Bxb4 Rxb4 45. Rxc8 Rb2+ 46. Kg1 Rb1+ 47. Bf1 Nb4
48. Rb8 a5 49. c5 Rc1 50. Rb5 Nc6 51. Kf2 a4 52. Rb7+ Kh6 53. Bb5 Rc2+ 54. Ke3
Nd4 55. Bxa4 Rxc5 56. f4 Rc3+ 57. Kd2 Ra3 58. Be8 Nf3+ 59. Ke2 Nxh2 60. fxe5
fxe5 61. Re7 Rxg3 62. Rxe5 Rg5 63. Re6 h4 64. Kf2 Ng4+ 65. Kg2 Ne5+ 66. Kh3 Kh5
67. Bxg6+ Nxg6 68. Re8 Nf4+ 69. Kh2 Rg2+ 70. Kh1 Kg4 71. Rg8+ Kh3 72. Rxg2 Nxg2
73. e5 Nf4 74. Kg1 Kg3 75. Kh1 h3 76. Kg1 h2+ 77. Kh1 Kh3 78. e6 Nh5 0-1

[Event "WYCC U18 Girls 2013"]
[Site "Al-Ain UAE"]
[Date "2013.12.23"]
[Round "7.12"]
[White "Nevioselaya, Maria"]
[Black "Foster, Chantelle L"]
[Result "1-0"]
[WhiteElo "2088"]
[BlackElo "1901"]
[WhiteFideId "13502280"]
[BlackFideId "408476"]
[EventDate "2013.12.18"]

1. e4 c5 2. Ne2 Nc6 3. g3 d5 4. Bg2 dxe4 5. Bxe4 Nf6 6. Bg2 Bf5 7. d3 Qd7 8.
Nbc3 Bh3 9. Bxh3 Qxh3 10. Nf4 Qd7 11. O-O h5 12. Ng2 e5 13. Ne4 Be7 14. Be3 b6
15. Qf3 Rc8 16. Rae1 Kf8 17. Nh4 Qg4 18. Bg5 Qxf3 19. Nxf3 Nxe4 20. Bxe7+ Kxe7
21. Rxe4 1-0

[Event "WYCC U18 Girls 2013"]
[Site "Al-Ain UAE"]
[Date "2013.12.23"]
[Round "7.13"]
[White "Leks, Maria"]
[Black "Xiao, Yiyi"]
[Result "0-1"]
[WhiteTitle "WCM"]
[BlackTitle "WFM"]
[WhiteElo "2076"]
[BlackElo "2163"]
[WhiteFideId "1134957"]
[BlackFideId "8606161"]
[EventDate "2013.12.18"]

1. e4 c5 2. Nf3 e6 3. c4 b6 4. Nc3 Bb7 5. Be2 d6 6. d4 cxd4 7. Nxd4 Nf6 8. f3
Be7 9. Be3 O-O 10. O-O a6 11. Qd2 Nbd7 12. a4 Rc8 13. a5 bxa5 14. Nb3 Qc7 15.
Nxa5 Ba8 16. Rfc1 Rfd8 17. Bf1 Qb8 18. Qf2 h6 19. Rcb1 d5 20. cxd5 Bd6 21. g3
exd5 22. exd5 Nxd5 23. Nxd5 Bxd5 24. Bxa6 Ne5 25. Bxc8 Nxf3+ 26. Kf1 Qb5+ 27.
Kg2 Rxc8 28. Rc1 Ng5+ 0-1